书目信息 |
| 题名: |
社会保障与社会发展
|
|
| 作者: | 郑造桓 主编 | |
| 分册: | ||
| 出版信息: | 杭州 浙江大学出版社 2009.11 |
|
| 页数: | 401页 | |
| 开本: | 24cm | |
| 丛书名: | ||
| 单 册: | ||
| 中图分类: | D632.1-53 | |
| 科图分类: | ||
| 主题词: | 社会保障--she hui bao zhang--中国--文集 | |
| 电子资源: | ||
| ISBN: | 978-7-308-07132-1 | |
| 000 | 00802nam0 2200241 450 | |
| 001 | 012010087902 | |
| 005 | 20101118183903.71 | |
| 010 | @a978-7-308-07132-1@dCNY50.00 | |
| 100 | @a20101118d2009 em y0chiy0120 ea | |
| 101 | 0 | @achi |
| 102 | @aCN@b330000 | |
| 105 | @aak a 000yy | |
| 106 | @ar | |
| 200 | 1 | @a社会保障与社会发展@Ashe hui bao zhang yu she hui fa zhan@f郑造桓主编@Fzheng zao huan zhu bian |
| 210 | @a杭州@c浙江大学出版社@d2009.11 | |
| 215 | @a401页@c图@d24cm | |
| 320 | @a有书目 | |
| 330 | @a本书内容包括有:综论、救助与反贫困、养老保障、健康保障、农村保障、农民工问题、社区建设等。 | |
| 606 | 0 | @a社会保障@Ashe hui bao zhang@y中国@j文集 |
| 690 | @aD632.1-53@v4 | |
| 701 | 0 | @a郑造桓@Azheng zao huan@4主编 |
| 801 | 0 | @aCN@bQSSK@c20101118 |
| 905 | @b789006-07@dD632.1-53@eZ456@f2 | |
| 社会保障与社会发展/郑造桓主编.-杭州:浙江大学出版社,2009.11 |
| 401页:图;24cm |
| ISBN 978-7-308-07132-1:CNY50.00 |
| 本书内容包括有:综论、救助与反贫困、养老保障、健康保障、农村保障、农民工问题、社区建设等。 |
| ● |
| 相关链接 |
|
|
|
正题名:社会保障与社会发展
索取号:D632.1-53/Z456
 
预约/预借
| 序号 | 登录号 | 条形码 | 馆藏地/架位号 | 状态 | 备注 |
| 1 | 789006 | 207890068 | 社科库509/509社科库 74排8列6层/ [索取号:D632.1-53/Z456] | 在馆 | |
| 2 | 789007 | 207890077 | 社科库509/509社科库 74排8列6层/ [索取号:D632.1-53/Z456] | 在馆 |